000
00321nam a22001337a 4500
008
171108b xxu||||| |||| 00| 0 eng d
020
_a
0812990323
041
_a
eng
080
_a
330.322
100
_a
64
101
_a
INV
245
_a
STARTING AND RUNNING A PROFITABLE INVESTMENT CLUB
_c
O'HARA,TH.E
942
_2
udc
_c
BK
999
_c
38190
_d
38190